Applications for outline planning permission, applications for approval of reserved matters and EIA procedure (Record no. 105591)
[ view plain ]
| 000 -LEADER | |
|---|---|
| fixed length control field | 01929cam a2200253 4500 |
| 001 - CONTROL NUMBER | |
| control field | ##L134193 |
| 008 - FIXED-LENGTH DATA ELEMENTS--GENERAL INFORMATION | |
| fixed length control field | 060717n2006 000 0 eng u |
| 035 ## - SYSTEM CONTROL NUMBER | |
| System control number | (Sirsi) u134193 |
| 041 0# - LANGUAGE CODE | |
| Language code of text/sound track or separate title | eng |
| 050 04 - LIBRARY OF CONGRESS CALL NUMBER | |
| Classification number | 711.1 $2 18 |
| 110 1# - MAIN ENTRY--CORPORATE NAME | |
| Corporate name or jurisdiction name as entry element | United Kingdom |
| Subordinate unit | Department for Communities and Local Government |
| 9 (RLIN) | 4939 |
| 245 00 - TITLE STATEMENT | |
| Title | Applications for outline planning permission, applications for approval of reserved matters and EIA procedure |
| Remainder of title | the effect of ECJ judgments in the cases of ex parte Barker and Crystal Palace/White City |
| 260 ## - PUBLICATION, DISTRIBUTION, ETC. | |
| Place of publication, distribution, etc. | London |
| Name of publisher, distributor, etc. | DCLG |
| Date of publication, distribution, etc. | 2006 |
| 520 ## - SUMMARY, ETC. | |
| Summary, etc. | Provides interim guidance for planning authorities regarding reserved matters applications pending any legislative or administrative action which is taken to comply with the terms of recent European Court of Justice (ECJ) judgments on outline permission and Environmental Impact Assessment (EIA). The ECJ has ruled in cases C-290/03 "R v London Borough of Bromley ex parte Diane Barker" (L133750) and C-508/03 "Commission v United Kingdom (Re environmental assessment of public and private projects directive" (unreported) that outline planning permission and the decision that subsequently gives approval of reserved matters must now be considered to constitute a multi-stage development consent within the meaning of Art 2.1 of the environmental impact assessment directive (Directive 97/11/EC). |
| 590 ## - LOCAL NOTE (RLIN) | |
| Local note | IKA180706 |
| 650 24 - SUBJECT ADDED ENTRY--TOPICAL TERM | |
| Topical term or geographic name entry element | DIRECTIVE 85/337/EEC |
| 650 24 - SUBJECT ADDED ENTRY--TOPICAL TERM | |
| Topical term or geographic name entry element | DIRECTIVE 97/11/EC |
| 650 24 - SUBJECT ADDED ENTRY--TOPICAL TERM | |
| Topical term or geographic name entry element | COMMISSION v UNITED KINGDOM (RE ENVIRONMENTAL ASSESSMENT OF PUBLIC AND PRIVATE PROJECTS DIRECTIVE) |
| 650 24 - SUBJECT ADDED ENTRY--TOPICAL TERM | |
| Topical term or geographic name entry element | R V BROMLEY LBC EX P BARKER |
| 651 #4 - SUBJECT ADDED ENTRY--GEOGRAPHIC NAME | |
| Geographic name | United Kingdom |
| Chronological subdivision | |
| 690 ## - LOCAL SUBJECT ADDED ENTRY--TOPICAL TERM (OCLC, RLIN) | |
| Topical term or geographic name as entry element | ENVIRONMENTAL AND LAND CONSULTANCY-PLANNING AND DEVELOPMENT-DEVELOPMENT CONTROL-PLANNING APPLICATIONS |
| 856 40 - ELECTRONIC LOCATION AND ACCESS | |
| Uniform Resource Identifier | <a href="https://www.communities.gov.uk/index.asp?id=1501525">https://www.communities.gov.uk/index.asp?id=1501525</a> |
| Public note | View the interim guidance free of charge at www.communities.gov.uk... |
| 942 ## - ADDED ENTRY ELEMENTS (KOHA) | |
| Suppress in OPAC | 0 |
| Withdrawn status | Lost status | Source of classification or shelving scheme | Damaged status | Not for loan | Home library | Current library | Shelving location | Date acquired | Total Checkouts | Full call number | Barcode | Date last seen | Copy number | Price effective from | Koha item type |
|---|---|---|---|---|---|---|---|---|---|---|---|---|---|---|---|
| Dewey Decimal Classification | Virtual | Virtual | Online | 17/07/2006 | ONLINE PUBLICATION | 134193-2001 | 06/08/2019 | 1 | 06/08/2019 | Book |